|
|
|
|
| LEADER |
00000nam0a2200000 4500 |
| 001 |
320093 |
| 005 |
20231102003238.0 |
| 035 |
|
|
|a (RuTPU)RU\TPU\book\345616
|
| 090 |
|
|
|a 320093
|
| 100 |
|
|
|a 20160623d1940 m y0rusy50 ca
|
| 101 |
0 |
|
|a rus
|
| 102 |
|
|
|a RU
|
| 105 |
|
|
|a a j 001zy
|
| 200 |
1 |
|
|a Машины стекольных заводов
|e учебное пособие
|f И. С. Шур
|
| 210 |
|
|
|a Москва
|a Ленинград
|c Гизместпром
|d 1940
|
| 215 |
|
|
|a 256 с.
|c ил.
|
| 320 |
|
|
|a Библиогр.: с. 254
|
| 606 |
1 |
|
|a Стекольные заводы
|x Оборудование
|2 stltpush
|3 (RuTPU)RU\TPU\subj\34513
|9 56443
|
| 610 |
1 |
|
|a стеклянные изделия
|
| 610 |
1 |
|
|a выдувание
|
| 610 |
1 |
|
|a выдувательные машины
|
| 610 |
1 |
|
|a прессование
|
| 610 |
1 |
|
|a листовое стекло
|
| 610 |
1 |
|
|a вытягивающие машины
|
| 610 |
1 |
|
|a поверхности
|
| 610 |
1 |
|
|a сырые материалы
|
| 610 |
1 |
|
|a шихта
|
| 610 |
1 |
|
|a изготовление
|
| 610 |
1 |
|
|a транспортные приспособления
|
| 610 |
1 |
|
|a учебные пособия
|
| 675 |
|
|
|a 666.1.013(075.3)
|v 3
|
| 700 |
|
1 |
|a Шур
|b И. С.
|
| 801 |
|
1 |
|a RU
|b 63413507
|c 20160623
|
| 801 |
|
2 |
|a RU
|b 63413507
|c 20200131
|g RCR
|
| 942 |
|
|
|c BK
|